000 00707nam a2200265Ia 4500
003 OSt
005 20220918165812.0
006 a|||||r|||| 00| 0
007 ta
008 220917b |||||||| |||| 00| 0 eng d
020 _a8173043264 (hbk)
024 _a192,601
037 _cTextual
040 _aARTS
_cARTS
_beng
041 _2eng
_aeng
082 _aV2,1.M, N9
100 _aKarashima Noboru
_95635
245 0 _aKingship in Indian history
260 _aNew Delhi
_bManohar
_c1999
300 _ax,271p.
_ccm.
490 _aJapanese studies on South Asia No.2.
650 _aINDIA - HISTORY
942 _hV2,1.M, N9
_cTEXL
_2CC
999 _c131153
_d131153